Tous les personnages de "Phoenix Wright : Ace Attorney" en français. - Statistiques

Statistiques générales
  • Ce quiz a été pris 171 fois
  • Le résultat moyen est 9 sur 12
Statistiques - réponses
Description Personnages % Correct
Son assistante de toujours Maya Fey
99%
L'avocat si connu Phoenix Wright
99%
La grande sœur du personnage 2 Mia Fey
98%
Le fameux détective un peu bête Dick Tektiv
95%
Le rival du personnage dès la seconde volte-face Benjamin Hunter
94%
Le meilleur ami gaffeur du personnage 1 Paul Defès
92%
LE pseudo rival du personnage 1 uniquement dans la première volte-face Victor Boulay
81%
Le coupable de la seconde volte-face Redd White
65%
Le témoin/coupable de la première volte-face Frank Khavu
61%
Le vieil avocat et mentor du personnage 2 Samuel Rosenberg
56%
La témoin un peu aguicheuse de la seconde volte-face Masha Vril
48%
La victime de la première volte-face Cindy Stone
43%
Aucun quiz correspondant
Distribution des résultats
% des personnes avec chaque résultat
Percentile par nombre de réponses
Votre historique - résultats
Vous n’avez pas pris ce quiz